00208nam a2200073Ia 4500008004100000100001400041245004900055260003000104170817s9999 xx 000 0 und d aSingh.R.P 0aSaikshik Prabandhan evam Vidyalaya Sangathan bVinod Pustak Mandir Agara